100 Biggest Cities of Germany on a Map - Statistics

General Stats
  • This quiz has been taken 1,657 times
  • The average score is 59 of 100
Answers on the Map
Answers color-coded by a green-red scale on the quiz's map according to % correct below.
 
Answer Stats
Population CIty % Correct
3,596,999 Berlin
99%
1,808,846 Hamburg
98%
1,478,638 Munich [München]
98%
1,017,355 Cologne [Köln]
96%
743,268 Frankfurt am Main
96%
575,071 Bremen
93%
557,782 Dresden
93%
598,899 Leipzig
93%
610,458 Stuttgart
93%
611,258 Düsseldorf
91%
598,246 Dortmund
90%
513,291 Hanover [Hannover]
90%
522,554 Nuremberg [Nürnberg]
90%
571,039 Essen
88%
249,132 Kiel
88%
261,178 Aachen [Aix-la-Chapelle]
81%
321,544 Bonn
81%
233,040 Freiburg im Breisgau
81%
294,647 Augsburg
80%
182,806 Potsdam
80%
179,296 Saarbrücken
80%
313,693 Mannheim
79%
203,470 Rostock
79%
220,386 Mainz
76%
330,072 Bielefeld
75%
501,415 Duisburg
75%
305,408 Karlsruhe
74%
241,517 Magdeburg
74%
215,958 Lübeck
73%
303,772 Münster
73%
218,200 Erfurt
72%
354,288 Bochum
71%
118,133 Bremerhaven
70%
127,116 Ulm
70%
240,078 Chemnitz
69%
356,768 Wuppertal
69%
226,586 Halle (Saale)
67%
145,901 Regensburg
66%
110,369 Jena
65%
127,145 Wolfsburg
65%
264,089 Mönchengladbach
64%
264,130 Gelsenkirchen
63%
195,012 Kassel
63%
166,356 Leverkusen
63%
153,809 Heidelberg
62%
102,727 Trier
62%
284,260 Wiesbaden
62%
136,468 Ingolstadt
61%
95,015 Flensburg
60%
112,963 Koblenz
60%
252,816 Brunswick [Braunschweig]
59%
172,759 Oldenburg
59%
164,898 Osnabrück
58%
131,316 Würzburg
58%
93,926 Cottbus [Chóśebuz]
57%
161,767 Darmstadt
57%
155,516 Paderborn
55%
99,689 Kaiserslautern
54%
86,437 Konstanz
54%
130,126 Fürth
52%
96,447 Schwerin
51%
124,548 Göttingen
49%
93,120 Gera
48%
172,889 Ludwigshafen am Rhein
48%
212,127 Oberhausen
48%
87,020 Zwickau
48%
230,666 Krefeld
47%
112,220 Erlangen
46%
179,070 Hamm
46%
129,479 Offenbach am Main
46%
128,303 Heilbronn
43%
90,499 Tübingen
42%
84,986 Worms
42%
189,614 Hagen
41%
133,110 Pforzheim
41%
164,621 Solingen
41%
97,716 Hildesheim
38%
91,810 Ludwigsburg
38%
153,079 Neuss
38%
116,925 Reutlingen
38%
102,275 Siegen
38%
171,435 Mülheim an der Ruhr
36%
104,215 Salzgitter
36%
117,921 Bottrop
35%
93,632 Hanau
35%
155,446 Herne
35%
115,216 Recklinghausen
35%
110,898 Bergisch Gladbach
34%
99,344 Gütersloh
33%
94,442 Esslingen am Neckar
32%
87,217 Gießen
32%
100,465 Moers
31%
94,149 Düren
29%
113,743 Remscheid
29%
87,478 Villingen-Schwenningen
27%
91,735 Witten
27%
91,941 Iserlohn
25%
88,425 Ratingen
24%
85,684 Marl
23%
85,234 Lünen
22%
No matching quizzes found
Score Distribution
Percent of People with Each Score
Percentile by Number Answered
Your Score History
You have not taken this quiz